| 000 | 00417nam a2200169Ia 4500 | ||
|---|---|---|---|
| 008 | 221030s9999 xx 000 0 und d | ||
| 020 | _a8120327942 | ||
| 041 | _aEnglish | ||
| 082 |
_a105.23 _bKar |
||
| 100 | _aH. Kargupta | ||
| 245 | 0 | _aData Mining : Next Generation Challenges & Future Directions | |
| 260 |
_bPHI _aNew Delhi _c2005 |
||
| 300 | _a558 | ||
| 650 | _aComputers | ||
| 700 | _aA. Joshi | ||
| 942 | _cBK | ||
| 999 |
_c2578 _d2578 |
||